| 000 | 00685fam a2200193 a 4500 | ||
|---|---|---|---|
| 020 | _a0419222804 (pbk. : alk. paper) | ||
| 082 | 0 | 0 |
_a720/.3 _bCOW _cN-01, P-103 |
| 100 | 1 |
_aCowan, Henry J. _933055 |
|
| 245 | 1 | 0 |
_aDictionary of architectural and building technology / _cHenry J. Cowan and Peter R. Smith ; with contributions by José Carlos Damski ... [et al.]. |
| 250 | _a3rd ed. | ||
| 260 |
_aLondon ; _aNew York : _bE & FN Spon, _c1998. |
||
| 300 |
_axi, 263 p. : _bill. ; _c24 cm. |
||
| 526 |
_a0 _b0 _c0 _d720_300000000000000_COW |
||
| 650 | 0 | _aArchitecture | |
| 650 | 0 | _aBuilding | |
| 700 | 1 |
_aDamski, José Carlos. _945712 |
|
| 700 | 1 |
_aSmith, Peter R. _945713 |
|
| 942 |
_2ddc _cBK |
||
| 999 |
_c549177 _d549177 |
||